Normal view MARC view

Entry Personal Name

Number of records used in: 2

001 - CONTROL NUMBER

  • control field: 43167

003 - CONTROL NUMBER IDENTIFIER

  • control field: dpl

005 - DATE AND TIME OF LATEST TRANSACTION

  • control field: 20120228152433.0

008 - FIXED-LENGTH DATA ELEMENTS

  • fixed length control field: 120228|||a|||||| | ||| d

040 ## - CATALOGING SOURCE

  • Original cataloging agency: dpl
  • Transcribing agency: dpl

100 ## - HEADING--PERSONAL NAME

  • Personal name: Basu, Kaushik

670 ## - SOURCE DATA FOUND

  • Source citation: Work cat.: (dpl)52549: Basu, Kaushik, Collected papers in theoretical economics/, 2005-<2011>

670 ## - SOURCE DATA FOUND

  • Source citation: Work cat.: (dpl)52549: Basu, Kaushik, Collected papers in theoretical economics/, 2005-<2011>

© Delhi Public Library
Hit Counter
free hit counter